000 00616nam a2200181Ia 4500
008 090123s9999 xx 000 0 und d
082 _b25246
_a891.463/शिरव
100 _aशिरवळकर सुहास
245 _aचूक भूल देणे घेणे
250 _a1
260 _bयोगिता प्रकाशन
300 _a128
600 _aशिरवळकर सुहास
630 _aचूक भूल देणे घेणे
700 _aशिरवळकर सुहास
730 _aचूक भूल देणे घेणे
942 _cBOOK
999 _c63317
_d63317